| 000 | 01330nam0a22003371 4500 | ||
|---|---|---|---|
| 001 | RU\INFOCOMM_327\NLR\5000051083 | ||
| 005 | 20250613111905.0 | ||
| 035 | _a(NLR Aleph) 009598746 | ||
| 090 |
_a9297098 _c9297098 |
||
| 100 | _a20130306d1989 |||y0rusy50 ca | ||
| 101 | 0 | _aeng | |
| 102 | _aRU | ||
| 105 | _ay z ||||| | ||
| 200 | 1 |
_aThe Trotter-Kato product formula for Gibbs semigroups _fH. Neidhardt, V. A. Zagrebnov |
|
| 210 |
_aДубна _cОбъед. ин-т ядер. исслед. _d1989 |
||
| 215 |
_a31 с. _d22 см |
||
| 225 | 1 |
_aОбъединенный институт ядерных исследований, Дубна _vE5-89-207 |
|
| 300 | _aНа 3-й с. обл.: Формула Троттера-Като для гиббсовских полугрупп / Найдхарт Х., Загребнов В. А. | ||
| 300 | _aРез. на рус. яз. | ||
| 300 | _a"Submitted to "Communications in math. physics" | ||
| 320 | _aБиблиогр.: с. 29-31 | ||
| 606 | 0 |
_aПолугруппы (мат.) Гиббса _2nlr_sh1 |
|
| 686 |
_aВ152.39 _2rubbk |
||
| 686 |
_aВ171.5 _2rubbk |
||
| 700 | 1 |
_aNeidhardt _bH. |
|
| 701 | 1 |
_aZagrebnov _bV. A. _gValentin Anatol'evič |
|
| 801 | 1 |
_aRU _bInfocomm _c20130306 |
|
| 801 | 0 |
_aRU _bINFOCOMM _gPSBO |
|
| 852 |
_aNLR _jМт01 Д-6/55 |
||
| 942 | _cBOOK | ||
| 980 | _aNB | ||